LEADER 01304nam0-2200445---450 001 990001463090403321 005 20190109122312.0 035 $a000146309 035 $aFED01000146309 035 $a(Aleph)000146309FED01 100 $a20120404d1975----km-y0itay50------ba 101 1 $aita$ceng 102 $aIT 105 $aa---a---001yy 200 1 $a<>mondo dei microrganismi$fR.Y. Stanier, M. Doudoroff, E.A. Adelberg 210 $aBologna$cZanichelli$dc1975 215 $aVIII, 674 p.$cill.$d27 cm 300 $aEd. italiana sulla 3. ed. inglese. 300 $aTraduzione di Nina Calef e Jessica Carloni 454 0$12001$a<>microbial world$921056 610 0 $aMicrobiologia 610 0 $aMicrorganismi 700 1$aStanier,$bRoger Y.$f<1916-1982>$064571 701 1$aDoudoroff,$bMichael$064573 701 1$aAdelberg,$bEdward A.$065256 702 1$aCalef,$bNina 702 1$aCarloni,$bJessica 801 0$aIT$bUNINA$gRICA$2UNIMARC 901 $aBK 912 $a990001463090403321 952 $aL IA 3$b18579$fDBV 952 $a90 I 1A 03$b468$fFMEBC 952 $a60 576 B 19$b46140$fFAGBC 952 $aI/6/8$b2135$fDMVMI 959 $aDBV 959 $aFMEBC 959 $aFAGBC 959 $aDMVMI 996 $aMicrobial world$921056 997 $aUNINA LEADER 01457oam 2200385 a 450 001 9910698015903321 005 20090831122226.0 035 $a(CKB)5470000002394848 035 $a(OCoLC)310981328 035 $a(EXLCZ)995470000002394848 100 $a20090226d2008 ua 0 101 0 $aeng 135 $aurbn||||||||| 181 $ctxt$2rdacontent 182 $cc$2rdamedia 183 $acr$2rdacarrier 200 10$aCurrent and future worldwide threats to the national security of the United States$b[electronic resource] $ehearing before the Committee on Armed Services, United States Senate, One Hundred Tenth Congress, second session, February 27, 2008 210 1$aWashington :$cU.S. G.P.O.,$d2008. 215 $aiii, 106 pages $cdigital, PDF file 225 1 $aS. hrg. ;$v110-634 300 $aTitle from title screen (viewed on Feb. 26, 2009). 517 $aCurrent and future worldwide threats to the national security of the United States 606 $aIntelligence service$zUnited States 606 $aNational security$zUnited States 606 $aTerrorism$zUnited States$xPrevention 615 0$aIntelligence service 615 0$aNational security 615 0$aTerrorism$xPrevention. 801 0$bGPO 801 1$bGPO 801 2$bGPO 906 $aBOOK 912 $a9910698015903321 996 $aCurrent and future worldwide threats to the national security of the United States$93441989 997 $aUNINA